01450njm a2200241Ia 450000100060000000300090000600500170001500800410003204000130007304000130008610000110009910000180011010000380012824500260016625000110019226000110020326000580021430000100027230000290028250001240031150507270043565000460116225815IT-RoPAU20220918181119.0131025s9999 xx 000 0 und d aIT-RoPAU cIT-RoPAU aAA.VV. eAutore musica gCodice autore musica SPICS: 12000 aTibet-Musica popolare a1a ed. aITALIA bALBATROSc1979 [1a Ed.:1979 - Ed. Lingua Orig.: 1979] aDISCO c41 minuti (Testo: pag.) aCanti con accompagnamento strumentale. Musica di danza per ciaramella e tamburo ad una pelle. Musica popolare del Tibet aSella d'oro (canto per stare a cavallo) - Canto per cavalcare - Il vaso del monastero - Melodia pastorale per flauto - Il grande tetto - Canto di trasferimento - In lode della colomba - Riparazione di un canale in un campo d'orzo - Semina - Canto per un sogno - Taglio dell'orzo - Festa del raccolto - Trebbiatura - Rivoltare i mucchi di orzo - Taglio dell'erba - Sollevare pietre e tagliarle per erigere un muro - Trasporto di tronchi su una collina (musica suonata durante partite di polo e competizioni con l'arco per eccitare la folla) - Musica per danza femminile - Musica per danza di matrimonio in Tibet - Storia di un uomo che dopo essersi sposato si fa monaco nel monastero di Sgang-Ngon - Ghiacciaio di Montagna aFOLK [DISCHI]eCodice MATERIA SPICS: 9950